000 00654nam a2200241Ia 4500
003 OSt
005 20221007080655.0
006 a|||||r|||| 00| 0
007 ta
008 221006b |||||||| |||| 00| 0 eng d
024 _a11,121
037 _cTextual
040 _aFLL
_cFLL
_beng
041 _2eng
_aeng
082 _aVI:1954, K5
100 _aBarnet Ed.
_9695215
245 0 _aSecurity in disarmament
260 _aNew Jersey
_bJersy Princenton university press U.S.A.
_c1965
300 _a442p
_ccm.
700 _a Falk Ed.
_9695216
942 _hVI:1954, K5
_cTEXL
_2CC
999 _c1160499
_d1160499